| 000 | 00496nam a2200145Ia 4500 | ||
|---|---|---|---|
| 008 | 170221s9999 xx 000 0 und d | ||
| 100 | _aNicholas P. Marudas | ||
| 245 | _aDo donors implicitly ignore fixed assets when assessing nonprofit organizational wealth? | ||
| 245 | _cNicholas P. Marudas, Mercer University. | ||
| 260 | _bJournal of Management and Marketing Research | ||
| 260 | _c2014 | ||
| 300 | _a3 : 6 | ||
| 650 | _xBusiness | ||
| 856 | _uhttp://www.aabri.com/manuscripts/131703.pdf | ||
| 999 |
_c313258 _d313258 |
||